| 000 | 00000nam##2200000za#4500 |
| 001 | 9.566969 |
| 003 | CaOODSP |
| 005 | 20210624180539 |
| 007 | cr ||||||||||| |
| 008 | 150406|2008||||xxc|||||o f|0| 0 eng|d |
| 022 | |a1488-5379 |
| 040 | |aCaOODSP|beng |
| 043 | |an-cn--- |
| 086 | 1 |aFs97-6/2818E-PDF |
| 110 | 1 |aCanada. |bDepartment of Fisheries and Oceans. |
| 245 | 13|aAn approach to the development of a relational database and GIS applicable scheme for the analysis of video-based surveys of benthic habitats / |h[electronic resource]|cBy J.A. Sameoto, P. Lawton and M.B. Strong. |
| 260 | |aSt. Andrews - New Brunswick : |bFisheries and Oceans Canada |c2008. |
| 300 | |a40p.|bfigs., map, references, tables, photographs |
| 490 | 1 |aCanadian technical report of fisheries and aquatic sciences|x1488-5379|v2818 |
| 546 | |a(Résumé en français.) |
| 590 | |a10-10-Supp|b2010-11-09 |
| 720 | 1 |aLawton, P. |
| 720 | 1 |aStrong, M.B. |
| 720 | 1 |aSameoto, J. A. |
| 776 | 0#|tAn approach to the development of a relational database and GIS applicable scheme for the analysis of video-based surveys of benthic habitats / |w(CaOODSP)9.619218 |
| 830 | #0|aCanadian technical report of fisheries and aquatic sciences,|x1488-5379|v2818|w(CaOODSP)9.504449 |
| 856 | 40|ahttp://publications.gc.ca|qPDF|s1625 KB|uhttps://publications.gc.ca/collections/collection_2010/mpo-dfo/Fs97-6-2818-eng.pdf|y2818 |